Identify the fighter jet (Easy) - Statistics

General Stats
  • This quiz has been taken 409 times
  • The average score is 8 of 10
Answer Stats
Picture Answer % Correct
A-10 Thunderbolt II
98%
F-22 Raptor
88%
F-15 Eagle
83%
F-16 Falcon
83%
F-18 Hornet
80%
Sea Harrier
79%
F-4 Phantom II
74%
MiG-21
71%
Eurofighter Typhoon
70%
Dassault Rafale
65%
No matching quizzes found
Score Distribution
Percent of People with Each Score
Percentile by Number Answered
Your Score History
You have not taken this quiz